Note géologique sur les terrains de Sabero et de ses environs dans les montagnes de Leon (Spagne) / (Record no. 149577)

MARC details
000 -LEADER
campo de control de longitud fija 01135nam a2200217 i 4500
001 - NÚMERO DE CONTROL
campo de control 149577
003 - IDENTIFICADOR DE NÚMERO DE CONTROL
campo de control ES-MaACL
005 - FECHA Y HORA DE LA ÚLTIMA TRANSACCIÓN
campo de control 20251220063021.0
007 - CAMPO FIJO DE DESCRIPCIÓN FÍSICA--INFORMACIÓN GENERAL
campo de control de longitud fija t|
008 - DATOS DE LONGITUD FIJA--INFORMACIÓN GENERAL
campo de control de longitud fija 190516s1850 fr ||||1| fre d
100 1# - ENTRADA PRINCIPAL--NOMBRE DE PERSONA
Nombre de persona Prado, Casiano de,
Fechas asociadas al nombre 1797-1866
9 (RLIN) 93606
245 10 - MENCIÓN DEL TÍTULO
Título Note géologique sur les terrains de Sabero et de ses environs dans les montagnes de Leon (Spagne) /
Mención de responsabilidad, etc. par Casiano del Prado ; suivie d'une description des fossiles de ces terrains par Ed. de Verneuil.
260 ## - PUBLICACIÓN, DISTRIBUCIÓN, ETC.
Lugar de publicación, distribución, etc. [S.l. :
Nombre del editor, distribuidor, etc. s.n.,
Fecha de publicación, distribución, etc. 1850?]
300 ## - DESCRIPCIÓN FÍSICA
Extensión 59 p. [3] h. pleg. de il. ;
Dimensiones 21 cm.
500 ## - NOTA GENERAL
Nota general Extrait du Bulletin de la Société Géologique de France, 2ª série, t. VII, p. 157, séance du 21 janvier 1850.
650 #4 - PUNTO DE ACCESO ADICIONAL DE MATERIA--TÉRMINO DE MATERIA
Término de materia o nombre geográfico como elemento de entrada Geología-
Subdivisión geográfica Sabero.
9 (RLIN) 167031
650 #4 - PUNTO DE ACCESO ADICIONAL DE MATERIA--TÉRMINO DE MATERIA
Término de materia o nombre geográfico como elemento de entrada Fósiles-
Subdivisión geográfica Sabero.
9 (RLIN) 167032
700 1# - ENTRADA AGREGADA--NOMBRE PERSONAL
Nombre de persona Verneuil, Édouard de,
Fechas asociadas al nombre 1805-1873
9 (RLIN) 114176
852 ## - LOCALIZACIÓN
Ubicación ES-MaACL
Número de control de estantería B-8925(1)
Nota libre .- Legado de Federico de Botella y de Hornos .- Encuadernado en un vol. facticio agrupado con el nombre en el lomo: España, geología, memorias y documentos varios 9 a 19
-- .- Ded. ms. de Verneuil a Botella y de Hornos
Holdings
Estatus retirado Estado de pérdida Estado de daño No para préstamo Colección Biblioteca de origen Biblioteca actual Ubicación en estantería Fecha de adquisición Fuente de adquisición Total de préstamos Signatura topográfica completa Código de barras Visto por última vez Precio de reemplazo Tipo de ítem Koha
        Libros del s. XIX Biblioteca del Ateneo de Madrid Biblioteca del Ateneo de Madrid Sala Pardo Bazán 16/05/2019     B-8925(1) 1200519 23/02/2023 23/02/2023 Libro impreso antiguo